Projek Penswastaan Lebuhraya Hubungan Utara - Selatan
| Format: | Book |
|---|---|
| Published: |
Kuala Lumpur :
Lembaga Lebuhraya Malaysia ,
1993
|
| Subjects: |
MARC
| LEADER | 00000cam a2200000 7i4500 | ||
|---|---|---|---|
| 001 | 0000003764 | ||
| 005 | 20060613.0 | ||
| 040 | |a INS | ||
| 090 | 0 | 0 | |a TE195bPRO 1993 |
| 245 | 1 | 0 | |a Projek Penswastaan Lebuhraya Hubungan Utara - Selatan |
| 260 | |a Kuala Lumpur : |b Lembaga Lebuhraya Malaysia , |c 1993 | ||
| 300 | |a various pages : |b ill. ; |c 30cm. | ||
| 650 | 0 | 0 | |a Highways |z Malaysia |
| 650 | 0 | 0 | |a Roads |x Design and construction |
| 999 | |a 0000006165 |b BOOK |c Open Shelf |e Default branch | ||